| 000 | 00389nam a2200145Ia 4500 | ||
|---|---|---|---|
| 008 | 231129s2001||||xx |||||||||||||| ||spa|| | ||
| 020 | _a958-616-280-X | ||
| 040 | _bspa | ||
| 082 | _a336 R436h | ||
| 100 | _aRestrepo Juan Camilo | ||
| 245 | 0 | _aHacienda Pública | |
| 260 | _c2001 | ||
| 264 | _aUniversidad Externado de Colombia | ||
| 942 |
_2ddc _cBKS |
||
| 999 |
_c14895 _d14895 |
||